La vida cotidiana de los primeros cristianos

Tallennettuna:
Bibliografiset tiedot
Päätekijä: Hamman, Adalbert G (Tekijä)
Aineistotyyppi: Kirja
Kieli:espanja
Julkaistu: Madrid Palabra 1985
Aiheet:
Tagit: Lisää tagi
Ei tageja, Lisää ensimmäinen tagi!

MARC

LEADER 00000nam a2200000 a 4500
001 UCP1850
003 CL-VaPUC
008 990426e19850000SP |||||||||||||||||spa|d
082 0 4 |a 270.1  |b HAM  |2 21 
100 |a Hamman, Adalbert G  |e author  |9 581766 
245 1 3 |a La vida cotidiana de los primeros cristianos 
300 |a 293 p 
942 |c BK 
945 |d 19990426 00:00:00  |a lriquelm 
260 |a Madrid  |b Palabra  |c 1985 
650 0 |a Iglesia   |9 255004 
650 7 |a HISTORIA PERIODO PRIMITIVO  |2 CL-VaPUC  |9 428186 
650 0 |a Cristianismo  |9 257361 
583 |a last modification  |c 19990426 00:00:00  |k Rodrigo Vera 
999 |c 280481  |d 280479 
952 |0 0  |1 0  |4 0  |6 270_100000000000000_HAM_1985  |7 0  |8 A  |9 320793  |a BIBHIS  |b BIBHIS  |d 2019-11-20  |i 1338579  |o 270.1 HAM 1985  |p 1338579  |r 2025-01-20  |w 2019-11-20  |y BK  |k HIS